The economic development of Van Diemen's Land, 1820-1850.

Bibliographic Details
Main Author: Hartwell, R. M. (Ronald Max), 1921-2009
Format: Book
Language:English
Published: [Carlton] : Melbourne University Press, [1954]
Subjects:

MARC

Tag First Indicator Second Indicator Subfields
LEADER 00000cam a2200000 4500
001 in00000065284
005 20151008051821.0
008 720126s1954 at b b 00000 eng u
010 |a  54013091  
035 |a (OCoLC)00228606 
035 |9 AAH0166AM 
040 |c WSU  |d TXA  |d UtOrBLW 
049 |a TXAM  |c [245057] 
050 0 |a HC642  |b .H3 
092 |a 330.994  |b H337e 
100 1 |a Hartwell, R. M.  |q (Ronald Max),  |d 1921-2009. 
245 1 4 |a The economic development of Van Diemen's Land, 1820-1850. 
264 1 |a [Carlton] :  |b Melbourne University Press,  |c [1954] 
300 |a 273 pages 
336 |a text  |b txt  |2 rdacontent 
337 |a unmediated  |b n  |2 rdamedia 
338 |a volume  |b nc  |2 rdacarrier 
504 |a Bibliography: [255]-266. 
651 0 |a Tasmania  |x Economic conditions. 
999 |a MARS 
999 f f |s 8304cf95-ef74-369d-b8b5-2f8a85909555  |i 2d2933b1-09dd-3850-8747-6dae17ad20fb  |t 0 
952 f f |p ric  |a Texas A&M University  |b Rellis Campus  |c Joint Library Facility  |d Remote Storage  |t 0  |e HC642 .H3  |h Library of Congress classification  |i unmediated -- volume  |m A14800710872 
998 f f |a HC642 .H3  |t 0  |l Remote Storage